<?xml version="1.0" encoding="UTF-8"?>
<record
    xmlns:xsi="http://www.w3.org/2001/XMLSchema-instance"
    xsi:schemaLocation="http://www.loc.gov/MARC21/slim http://www.loc.gov/standards/marcxml/schema/MARC21slim.xsd"
    xmlns="http://www.loc.gov/MARC21/slim">

  <leader>00779ngm a2200181 i 4500</leader>
  <controlfield tag="001">C2-0343720</controlfield>
  <controlfield tag="003">PPAK</controlfield>
  <controlfield tag="005">20180727222759.0</controlfield>
  <controlfield tag="008">171119s2009    cau|||| |||||  |  vleng d</controlfield>
  <datafield tag="040" ind1=" " ind2=" ">
    <subfield code="a">PPAK</subfield>
    <subfield code="b">eng</subfield>
    <subfield code="c">PPAK</subfield>
    <subfield code="e">rda</subfield>
  </datafield>
  <datafield tag="245" ind1="1" ind2="0">
    <subfield code="a">Fast &amp; furious</subfield>
  </datafield>
  <datafield tag="264" ind1=" " ind2="1">
    <subfield code="a">California ; Ampang Selangor : </subfield>
    <subfield code="b">Universal Pictures; HVN Entertainment Sdn. Bhd. (Malaysia Distributor) , </subfield>
    <subfield code="c">2009</subfield>
  </datafield>
  <datafield tag="500" ind1=" " ind2=" ">
    <subfield code="a">Summary : Heading back to the streets where it all began, Vin Diesel and Paul Walker rejoin Michelle Rodriguez and Jordana Brewster to blast muscle, tuner and exotic cars across Los Angeles and through the Mexican desert in this new high-oc</subfield>
  </datafield>
  <datafield tag="700" ind1=" " ind2=" ">
    <subfield code="e">author</subfield>
  </datafield>
  <datafield tag="700" ind1="1" ind2=" ">
    <subfield code="a">Lin, Justin, </subfield>
    <subfield code="e">compile</subfield>
  </datafield>
  <datafield tag="700" ind1="1" ind2=" ">
    <subfield code="a">Wagner, Christian ; Raskin, Fred, </subfield>
    <subfield code="e">editor</subfield>
  </datafield>
  <datafield tag="942" ind1=" " ind2=" ">
    <subfield code="2">ddc</subfield>
    <subfield code="c">DVD</subfield>
  </datafield>
  <datafield tag="999" ind1=" " ind2=" ">
    <subfield code="c">168054</subfield>
    <subfield code="d">168054</subfield>
  </datafield>
  <datafield tag="952" ind1=" " ind2=" ">
    <subfield code="0">0</subfield>
    <subfield code="1">0</subfield>
    <subfield code="2">ddc</subfield>
    <subfield code="4">0</subfield>
    <subfield code="7">0</subfield>
    <subfield code="b">PPAK</subfield>
    <subfield code="c">G</subfield>
    <subfield code="d">2017-11-29</subfield>
    <subfield code="e">GI</subfield>
    <subfield code="l">0</subfield>
    <subfield code="o">791.4372 MOR</subfield>
    <subfield code="p">A01547639</subfield>
    <subfield code="r">2018-07-05 00:00:00</subfield>
    <subfield code="v">34.90</subfield>
    <subfield code="y">DVD</subfield>
  </datafield>
</record>
